No matter what happens: (Record no. 20653)

MARC details
000 -LEADER
fixed length control field 00576nam a22001937a 4500
008 - FIXED-LENGTH DATA ELEMENTS--GENERAL INFORMATION
fixed length control field 250212b |||||||| |||| 00| 0 eng d
020 ## - INTERNATIONAL STANDARD BOOK NUMBER
International Standard Book Number 9781786650085
040 ## - CATALOGING SOURCE
Original cataloging agency KABU
Transcribing agency KABU
050 ## - LIBRARY OF CONGRESS CALL NUMBER
Classification number BJ1581.2
Item number .C43 2017
100 ## - MAIN ENTRY--PERSONAL NAME
Personal name Chaij, Enrique
245 ## - TITLE STATEMENT
Title No matter what happens:
Remainder of title life is still beautiful /
Statement of responsibility, etc. Enrique Chaij
260 ## - PUBLICATION, DISTRIBUTION, ETC. (IMPRINT)
Place of publication, distribution, etc. Grantham, England:
Name of publisher, distributor, etc. The Stanborough Press Ltd,
Date of publication, distribution, etc. 2017
300 ## - PHYSICAL DESCRIPTION
Extent 191p.
Other physical details ill. col. ;
500 ## - GENERAL NOTE
General note Includes index
650 ## - SUBJECT ADDED ENTRY--TOPICAL TERM
Topical term or geographic name as entry element Christian life
650 ## - SUBJECT ADDED ENTRY--TOPICAL TERM
Topical term or geographic name as entry element Conduct of life
650 ## - SUBJECT ADDED ENTRY--TOPICAL TERM
Topical term or geographic name as entry element Families religious life
942 ## - ADDED ENTRY ELEMENTS (KOHA)
Source of classification or shelving scheme Library of Congress Classification
Koha item type General Collection
Holdings
Withdrawn status Lost status Source of classification or shelving scheme Not for loan Home library Current library Shelving location Date acquired Cost, normal purchase price Inventory number Total Checkouts Full call number Barcode Date last seen Date last checked out Copy number Price effective from Koha item type
    Library of Congress Classification   Kabarak, Main Campus Kabarak, Main Campus General Stacks 12/02/2025 3700.00 2023/0290 9 BJ1581.2 .C43 2017 C.1 34288 19/03/2026 04/03/2026 C.1 12/02/2025 General Collection
Designed with assistance from East African Informatics Ltd